| 000 | 01203nam a22002537a 4500 | ||
|---|---|---|---|
| 005 | 20260406134209.0 | ||
| 008 | 260406b ||||| |||| 00| 0 eng d | ||
| 020 | _a9780192870193 | ||
| 040 |
_aCO-BoUCM _cDaniela Zuluaga _dDaniela Zuluaga |
||
| 041 | _aeng | ||
| 100 |
_aObendiek, Anke Sophia _9188516 |
||
| 245 |
_aData governance _bvalue orders and jurisdictional conflicts _cAnke Sophia Obendiek |
||
| 260 | 1 |
_aOxford _bOxford University Press _c2023 |
|
| 300 |
_axii, 218 páginas _bilustraciones |
||
| 504 | _aIncluye referencias bibliográficas e índices | ||
| 520 | 3 | _aEstudio sobre la gobernanza de datos que explora los conflictos de jurisdicción y los diferentes sistemas de valores que rigen la política de datos a nivel global, con énfasis en la soberanía digital y la regulación de plataformas. | |
| 650 | 4 |
_aGobernanza de datos _9188517 |
|
| 650 | 4 |
_aProtección de datos _xAspectos políticos _9188518 |
|
| 650 | 4 |
_aDerecho a la privacidad _xLegislación internacional _9188519 |
|
| 650 | 4 |
_aJurisdicción (Derecho internacional) _918166 |
|
| 710 | 2 |
_aOxford University Press _933039 |
|
| 942 |
_2DEWEY _a14 _cLIBRO _e1 _h005.8 _mO12d _n0 |
||
| 999 |
_c326226 _d326226 |
||